000 00692nam a2200181Ia 4500
008 100920s9999 xx 000 0 und d
082 _b104585
_a28 व 891,43 न 07
100 _aपाण्डेय राधा.
245 _aकर्ज चुकाने वाला बेटा.
260 _bकमल पुस्तक केेंद्र,दिल्ली.
_c2007
300 _a16
_bसाधी
365 _b60
520 _aबा.वि.हिंदी.
630 _aकर्ज चुकाने वाला बेटा.
650 _aबा.वि.हिंदी.
730 _aकर्ज चुकाने वाला बेटा.
942 _cBOOK
999 _c745017
_d745014